000 00814nam a2200253 i 4500
003 DO-SdBNP
005 20250704090746.0
007 ta
008 240205b1990 dr ||||| |||| 00| 0 spa d
040 _aDO-SdBNP
_bspa
_cBNPHU
_erda
082 4 _axxx
_bxxx
_222
100 _aPuente Julia, Rosario,
_eautor
_984850
_4autt.
245 1 3 _aLa guerra, mi hijo y yo /
_cRosario Puente y Julia ; prólogo, Ofelia Rodríguez Acosta
250 _aSegunda edición
264 1 _aSanto Domingo :
_bIntergrafic,
_c1990.
300 _a408 páginas ;
_c19 cm.
336 _atexto
_btxt
_2rdacontent
337 _asin mediación
_bn
_2rdamedia
338 _avolumen
_bnc
_2rdacarrier
590 _aInventariado, 2024/BT
700 1 _aRodríguez Acosta, Ofelia,
_eprologuista
_984851
_4pr.
910 _aBtavárez
942 _2ddc
_cLBS1
999 _c55792
_d55792